| 000 | 00549nam a2200157Ia 4500 | ||
|---|---|---|---|
| 008 | 220216s9999 xx 000 0 und d | ||
| 100 | _aKleiner T | ||
| 245 | 0 | _aImprovements in abrasion resistance and heat resistance by using a new crosslinking agent | |
| 260 | _bInternational Conference and Exhibition on Rubber and Allied Materials Asia Rub Tech Expo 2002. 28-30 November 2002, New Delhi. pp.208-219. | ||
| 650 | _aAbrasion resistance | ||
| 650 | _aAging | ||
| 700 | _aJeske W | ||
| 700 | _aKatkar K D | ||
| 700 | _aLoreth W | ||
| 942 | _cJS | ||
| 999 |
_c60879 _d60879 |
||